The noble scholar, jurist, historian


 His Excellency Dr. Abdul Wahhab bin Ibrahim Abu Sulaiman, may Allah have mercy on him.


 He was born in Umm Al-Qura in the year 1356 AH.

الاجتهاد والتقليد في ضوء كتابات الإمام ولي الله بن عبد الرحيم الدهلوي / (Record no. 3071)

MARC details
000 -LEADER
fixed length control field 01392cam a22002891i 4500
003 - CONTROL NUMBER IDENTIFIER
control field SA-RiAUC
005 - DATE AND TIME OF LATEST TRANSACTION
control field 20241205142825.0
008 - FIXED-LENGTH DATA ELEMENTS--GENERAL INFORMATION
fixed length control field 241203s2010 sy g 000 0dara c
040 ## - CATALOGING SOURCE
Original cataloging agency SA-JeALM
Language of cataloging ara
Transcribing agency SA-RiAUC.
Description conventions rda
050 #4 - LIBRARY OF CONGRESS CALL NUMBER
Item number . D3 2010
082 04 - DEWEY DECIMAL CLASSIFICATION NUMBER
Classification number 258.6
Assigning agency SA-RiAUC
090 ## - LOCALLY ASSIGNED LC-TYPE CALL NUMBER (OCLC); LOCAL CALL NUMBER (RLIN)
Classification number (OCLC) (R) ; Classification number, CALL (RLIN) (NR) 258.6
Local cutter number (OCLC) ; Book number/undivided call number, CALL (RLIN) ن د و
100 1# - MAIN ENTRY--PERSONAL NAME
Personal name الندوي، سلمان محمد طاهر الحسيني،
Dates associated with a name 1954-1990
Relator term مؤلف.
245 12 - TITLE STATEMENT
Title الاجتهاد والتقليد في ضوء كتابات الإمام ولي الله بن عبد الرحيم الدهلوي /
Statement of responsibility, etc. تأليف سلمان الحسيني الندوي؛ راجعه مجيب الرحمن عتيق الندوي.
250 ## - EDITION STATEMENT
Edition statement الطبعة الأولى.
264 #1 - PRODUCTION, PUBLICATION, DISTRIBUTION, MANUFACTURE, AND COPYRIGHT NOTICE
Place of production, publication, distribution, manufacture دمشق :
Name of producer, publisher, distributor, manufacturer دار ابن كثير،
Date of production, publication, distribution, manufacture, or copyright notice 2010
300 ## - PHYSICAL DESCRIPTION
Extent 152صفحة ؛
Dimensions 20 سم
336 ## - CONTENT TYPE
Content type term نص
Content type code txt
Source rdacontent
Materials specified كتاب
337 ## - MEDIA TYPE
Media type term بدون وسيط
Media type code n
Source rdamedia
338 ## - CARRIER TYPE
Carrier type term مجلد
Carrier type code nc
Source rdacarrier
600 17 - SUBJECT ADDED ENTRY--PERSONAL NAME
Personal name شاه ولي الله، أحمد بن عبد الرحيم الفاروقي،
Dates associated with a name 1110-1176 هجري
General subdivision آراء حول أصول الفقه الإسلامي
Source of heading or term aucnm
650 #7 - SUBJECT ADDED ENTRY--TOPICAL TERM
Topical term or geographic name entry element الاجتهاد (أصول فقه شيعي)
Source of heading or term aucsh
650 #7 - SUBJECT ADDED ENTRY--TOPICAL TERM
Topical term or geographic name entry element التقليد (فقه شيعي)
Source of heading or term aucsh
700 ## - ADDED ENTRY--PERSONAL NAME
Personal name الندوي, مجيب الرحمن عتيق.
Relator term راجعه
942 ## - ADDED ENTRY ELEMENTS (KOHA)
Source of classification or shelving scheme Dewey Decimal Classification
Koha item type Books
Suppress in OPAC No
949 ## - LOCAL PROCESSING INFORMATION (OCLC)
a SA-JeALM
d 241203
u mohamedma123
n 1
Holdings
Withdrawn status Lost status Source of classification or shelving scheme Damaged status Not for loan Home library Current library Date acquired Total checkouts Full call number Barcode Date last seen Price effective from Koha item type
    Dewey Decimal Classification     DR AbdElwahab Library DR AbdElwahab Library 12/05/2024   258.6 ن د و 000004790 12/05/2024 12/05/2024 Books